000 00693 a2200205 4500
003 Nust
005 20170207154038.0
010 _a 2010013947
020 _a9781590282410 (alk. paper)
040 _cNust
082 0 0 _a005.133
100 1 _aZelle, John M.
245 1 0 _aPython programming (E-BOOK)
_ban introduction to computer science /
_cJohn M. Zelle.
250 _a2nd ed.
260 _aSherwood, Or. :
_bFranklin, Beedle & Associates,
_cc2010.
300 _axiv, 514 p. :
_bill. ;
_c24 cm.
520 _a"Introduces computer programming using the Python programming language"--Provided by publisher.
650 0 _aPython (Computer program language)
651 _aPython programming (E-BOOK)
942 _2ddc
_cBK
999 _c192502
_d192502